000 00685nam a2200241Ia 4500
003 OSt
005 20221005025011.0
006 a|||||r|||| 00| 0
007 ta
008 221004b |||||||| |||| 00| 0 eng d
024 _a24268
037 _cTextual
040 _aCRL
_cCRL
_beng
041 _2eng
_aeng
082 _aZ73,81vN6, K5
100 _aPfeffer Leo
_9121487
245 0 _aThis honourable court
_b A history of the United States Supreme Court
260 _aCalcutta
_bAcademic International India
_c1965
300 _a471p.
_ccm.
650 _aLAW - UNITED STATES
942 _hZ73,81vN6, K5
_cTEXL
_2cc
999 _c933944
_d933944